[Event "Plovdiv BUL, 34th Tringov Mem"]
[Site "Plovdiv BUL"]
[Date "2012.01.31"]
[Round "3.7"]
[White "Filev, Georgi"]
[Black "Benidze, Davit"]
[Result "0-1"]
[WhiteElo "2349"]
[BlackElo "2516"]
[PlyCount "104"]
[EventDate "2012.01.29"]
[EventType "swiss"]
[EventRounds "9"]
[EventCountry "BUL"]

1. e4 c5 2. Nf3 d6 3. d4 cxd4 4. Nxd4 Nf6 5. Nc3 Nc6 6. Bg5 e6 7. Qd2 a6 8.
O-O-O Bd7 9. f4 h6 10. Bh4 g5 11. fxg5 Ng4 12. Nxc6 Bxc6 13. Be2 Ne5 14. g3 Ng6
15. Kb1 Be7 16. gxh6 Nxh4 17. gxh4 Bf8 18. h5 Qa5 19. Rhg1 Qe5 20. Rdf1 Bxh6
21. Qe1 Bf8 22. Qh4 Be7 23. Qg4 Bf6 24. Qf3 Ke7 25. Rf2 Raf8 26. Qh3 Rh7 27.
Rgf1 Rh6 28. Qe3 Qg5 29. Rf4 Qc5 30. Qf3 Qe5 31. Qf2 Bd7 32. Bg4 Rc8 33. Rf3
Rc5 34. h3 Be8 35. Qd2 Bg5 36. Qe1 Rf6 37. Rxf6 Bxf6 38. Qe3 b5 39. Qf3 b4 40.
Nd1 Bc6 41. Re1 Rc4 42. Qb3 Rxe4 43. Rxe4 Qxe4 44. a3 a5 45. axb4 axb4 46. Qa2
Bd4 47. Qa5 b3 48. Qc7+ Kf6 49. Qd8+ Ke5 50. Qa5+ Kf6 51. Qd8+ Kg7 52. Qg5+ Kh7
0-1

[Event "Plovdiv BUL, 34th Tringov Mem"]
[Site "Plovdiv BUL"]
[Date "2012.01.31"]
[Round "3.10"]
[White "Drenchev, Petar"]
[Black "Radulov, Ivan"]
[Result "1/2-1/2"]
[WhiteElo "2493"]
[BlackElo "2308"]
[PlyCount "36"]
[EventDate "2012.01.29"]
[EventType "swiss"]
[EventRounds "9"]
[EventCountry "BUL"]

1. d4 f5 2. g3 Nf6 3. Bg2 e6 4. Nf3 d5 5. O-O Bd6 6. c4 c6 7. Nc3 O-O 8. Qc2
Ne4 9. Rb1 a6 10. b4 b5 11. c5 Bc7 12. Ne5 Bb7 13. Bb2 Nd7 14. f3 Nxc3 15. Qxc3
Nxe5 16. dxe5 a5 17. a3 Qe7 18. e3 Bc8 1/2-1/2

[Event "Plovdiv BUL, 34th Tringov Mem"]
[Site "Plovdiv BUL"]
[Date "2012.01.31"]
[Round "3.11"]
[White "Nenkov, Ljudmil"]
[Black "Tadic, Branko"]
[Result "0-1"]
[WhiteElo "2297"]
[BlackElo "2487"]
[PlyCount "58"]
[EventDate "2012.01.29"]
[EventType "swiss"]
[EventRounds "9"]
[EventCountry "BUL"]

1. Nf3 Nf6 2. g3 d5 3. Bg2 c5 4. O-O Nc6 5. d4 e6 6. c4 Be7 7. cxd5 exd5 8.
dxc5 O-O 9. Nc3 d4 10. Na4 Bf5 11. Bd2 Ne4 12. Rc1 Bf6 13. Qb3 Qe7 14. Rfd1
Rad8 15. Bf4 g5 16. Bd6 Nxd6 17. cxd6 Rxd6 18. Nc5 b6 19. Nd3 Qxe2 20. Rd2 Qe6
21. Qb5 Qd7 22. a4 Re8 23. h4 gxh4 24. Nxh4 Bxd3 25. Qxd3 Bxh4 26. gxh4 Ne5 27.
Qa3 d3 28. Kf1 Rd4 29. a5 Nc4 0-1

[Event "Plovdiv BUL, 34th Tringov Mem"]
[Site "Plovdiv BUL"]
[Date "2012.01.31"]
[Round "3.13"]
[White "Todorov, Ognjan"]
[Black "Smith, Bryan G"]
[Result "1/2-1/2"]
[WhiteElo "2294"]
[BlackElo "2460"]
[PlyCount "80"]
[EventDate "2012.01.29"]
[EventType "swiss"]
[EventRounds "9"]
[EventCountry "BUL"]

1. d4 Nf6 2. c4 c5 3. d5 e6 4. Nc3 exd5 5. cxd5 d6 6. Nf3 g6 7. g3 Bg7 8. Bg2
O-O 9. O-O Nbd7 10. Nd2 Re8 11. a4 a6 12. a5 b5 13. axb6 Nxb6 14. Nb3 Qc7 15.
Na5 Bd7 16. Bf4 Ng4 17. Qc2 Ne5 18. Ra2 Bf5 19. Qc1 h5 20. h3 c4 21. Nc6 Bd7
22. Nxe5 Bxe5 23. Bxe5 Rxe5 24. e4 Bb5 25. f4 Ree8 26. e5 dxe5 27. f5 Qe7 28.
Qh6 Qf6 29. Rf2 Rad8 30. Ra1 Nd7 31. Ne4 Qg7 32. Qe3 Rf8 33. f6 Qh7 34. g4 h4
35. g5 Nb8 36. Qd2 Bd7 37. Kh2 Bf5 38. Bf3 Rfe8 39. Ra4 Bxe4 40. Bxe4 Rc8 {...}
1/2-1/2

[Event "Plovdiv BUL, 34th Tringov Mem"]
[Site "Plovdiv BUL"]
[Date "2012.01.31"]
[Round "3.14"]
[White "Bratanov, Zsivko"]
[Black "Yordanov, Nikolay Plamenov"]
[Result "0-1"]
[WhiteElo "2459"]
[BlackElo "2290"]
[PlyCount "96"]
[EventDate "2012.01.29"]
[EventType "swiss"]
[EventRounds "9"]
[EventCountry "BUL"]

1. d4 d5 2. c4 c6 3. Nf3 Nf6 4. Qc2 dxc4 5. Bg5 b5 6. e4 h6 7. Be3 e6 8. Be2
Be7 9. Nbd2 Bb7 10. O-O O-O 11. b3 cxb3 12. Nxb3 Nbd7 13. Rfd1 a6 14. a4 Rc8
15. Nfd2 e5 16. dxe5 Nxe5 17. Nf1 Ned7 18. Ng3 Re8 19. Rac1 Ba3 20. Nc5 Qc7 21.
Nxd7 Nxd7 22. Nf5 Bxc1 23. Bxc1 Re6 24. Bb2 Nf6 25. f3 Rd8 26. Rc1 Qb6+ 27. Kh1
c5 28. g4 c4 29. Qc3 Qf2 30. Qe1 Nxg4 31. Qxf2 Nxf2+ 32. Kg2 Nxe4 33. Kf1 Nf6
34. Bc3 Kh7 35. axb5 axb5 36. Nd4 Re3 37. Nf5 Ree8 38. Kf2 Rd5 39. Ne3 Rh5 40.
Rh1 Nd5 41. Nxd5 Bxd5 42. Bd1 Be6 43. h4 Rd5 44. Be2 Bf5 45. Rg1 f6 46. Ra1 Bd3
47. Bd1 Re7 48. h5 Rxh5 0-1

[Event "Plovdiv BUL, 34th Tringov Mem"]
[Site "Plovdiv BUL"]
[Date "2012.01.31"]
[Round "3.15"]
[White "Valles, Manuel"]
[Black "Stanojoski, Zvonko"]
[Result "1-0"]
[WhiteElo "2282"]
[BlackElo "2455"]
[PlyCount "64"]
[EventDate "2012.01.29"]
[EventType "swiss"]
[EventRounds "9"]
[EventCountry "BUL"]

1. d4 Nf6 2. c4 d6 3. Nc3 e5 4. Nf3 e4 5. Ng5 Qe7 6. Qc2 Nc6 7. e3 Bf5 8. a3 h6
9. Nh3 g5 10. Ng1 Bg6 11. h4 Bg7 12. hxg5 hxg5 13. Rxh8+ Bxh8 14. Nh3 Nh7 15.
Qa4 Kf8 16. Bd2 Nb8 17. O-O-O c6 18. f3 exf3 19. gxf3 Nd7 20. Nf2 Nb6 21. Qb3
Qe6 22. d5 cxd5 23. cxd5 Qe7 24. e4 Rb8 25. Be3 Nc8 26. Nb5 a6 27. Nd4 Ra8 28.
Kb1 Na7 29. Qb6 Nc8 30. Qa5 g4 31. Rc1 g3 32. Rc7 Bxe4+ {...} 1-0

[Event "Plovdiv BUL, 34th Tringov Mem"]
[Site "Plovdiv BUL"]
[Date "2012.01.31"]
[Round "3.16"]
[White "Panayotov, Yanko"]
[Black "Bukal, Vladimir Jr"]
[Result "0-1"]
[WhiteElo "2260"]
[BlackElo "2434"]
[PlyCount "65"]
[EventDate "2012.01.29"]
[EventType "swiss"]
[EventRounds "9"]
[EventCountry "BUL"]

1. e4 e6 2. d4 d5 3. Nc3 Bb4 4. e5 c5 5. Qg4 Ne7 6. Nf3 cxd4 7. Nxd4 Qc7 8.
Bb5+ Nd7 9. O-O Bxc3 10. bxc3 O-O 11. Bxd7 Bxd7 12. Ba3 Rfe8 13. Rab1 b6 14.
Bd6 Qc4 15. Rb4 Qxa2 16. Bxe7 Rxe7 17. Qg5 Ree8 18. Nf3 h6 19. Qd2 Rf8 20. Rg4
f5 21. Rb4 Rac8 22. Rfb1 Rc7 23. Nd4 Rfc8 24. Ne2 Rc4 25. f3 Qa5 26. h3 Qc5+
27. Kh2 Rxb4 28. Rxb4 a5 29. Rb1 a4 30. h4 Qf2 31. Rb4 a3 32. Qd1 a2 33. Ng3
0-1

[Event "Plovdiv BUL, 34th Tringov Mem"]
[Site "Plovdiv BUL"]
[Date "2012.01.31"]
[Round "3.17"]
[White "Milchev, Nikolay"]
[Black "Livaja, Mario"]
[Result "1-0"]
[WhiteElo "2434"]
[BlackElo "2234"]
[PlyCount "145"]
[EventDate "2012.01.29"]
[EventType "swiss"]
[EventRounds "9"]
[EventCountry "BUL"]

1. c4 Nf6 2. g3 g6 3. Bg2 Bg7 4. Nc3 O-O 5. Nf3 d6 6. d4 Nc6 7. O-O h6 8. d5
Na5 9. Qd3 c5 10. Bd2 a6 11. e4 Rb8 12. b3 b5 13. Rab1 Bd7 14. Rfe1 Qc7 15. h3
bxc4 16. bxc4 Rxb1 17. Rxb1 Rb8 18. Bf1 Rb7 19. g4 h5 20. g5 Ne8 21. Kh2 Rxb1
22. Qxb1 Qb7 23. Qc2 Qb6 24. Bd3 e5 25. dxe6 Bxe6 26. Qa4 Qd8 27. Nd5 Nb7 28.
Qxa6 Qd7 29. Nb6 Qe7 30. Nd5 Qd7 31. Ng1 Nd8 32. Qb5 Kf8 33. Bc2 Bd4 34. Be1
Qc8 35. a4 Nc6 36. a5 Ne5 37. Nb6 Qd8 38. h4 Nc7 39. Qb3 f6 40. f4 Ng4+ 41. Kh1
fxg5 42. hxg5 Kg8 43. Nd5 Nxd5 44. cxd5 Bc8 45. Bd2 Nf2+ 46. Kg2 Qd7 47. Be1
Qg4+ 48. Qg3 Nh3 49. Qxg4 hxg4 50. Nxh3 gxh3+ 51. Kg3 Be3 52. Bd1 Ba6 53. e5
dxe5 54. fxe5 Bxg5 55. Kxh3 Bf4 56. Bc3 Bc4 57. Bf3 Kf7 58. Kg4 Be3 59. Be4
Be2+ 60. Kg3 Ba6 61. Kf3 Bd4 62. Bxd4 cxd4 63. Kf4 Bc4 64. Bf3 d3 65. Ke3 g5
66. Kd4 Ba6 67. d6 d2 68. Bh5+ Ke6 69. Bg4+ Kf7 70. e6+ Kf6 71. e7 Bc8 72. Bd1
Bd7 73. a6 1-0

[Event "Plovdiv BUL, 34th Tringov Mem"]
[Site "Plovdiv BUL"]
[Date "2012.01.31"]
[Round "3.18"]
[White "Dobrev, Nayden"]
[Black "Enchev, Ivajlo"]
[Result "1-0"]
[WhiteElo "2256"]
[BlackElo "2430"]
[PlyCount "77"]
[EventDate "2012.01.29"]
[EventType "swiss"]
[EventRounds "9"]
[EventCountry "BUL"]

1. d4 c5 2. d5 e6 3. c4 exd5 4. cxd5 d6 5. Nc3 Nf6 6. e4 g6 7. Be2 Bg7 8. Nf3
O-O 9. Nd2 a6 10. a4 Re8 11. O-O Nbd7 12. f4 c4 13. e5 dxe5 14. Nxc4 Nb6 15.
fxe5 Nfxd5 16. Nxd5 Nxd5 17. Ra3 Bxe5 18. Bf3 Bxh2+ 19. Kxh2 Be6 20. Rd3 Qc7+
21. Kh1 Nb4 22. Nd6 Red8 23. Rd2 Nc6 24. Ne4 Ne5 25. b3 Qe7 26. Bb2 Qh4+ 27.
Kg1 Rxd2 28. Qxd2 Rd8 29. Qc3 Nxf3+ 30. gxf3 f6 31. Nxf6+ Kf8 32. Ne4 Rd7 33.
Qb4+ Qe7 34. Qc3 Qh4 35. Qh8+ Kf7 36. Qg7+ Ke8 37. Nf6+ Kd8 38. Qf8+ Kc7 39.
Rc1+ 1-0

[Event "Plovdiv BUL, 34th Tringov Mem"]
[Site "Plovdiv BUL"]
[Date "2012.01.31"]
[Round "3.19"]
[White "Ristic, Nenad"]
[Black "Andreev, Stanislav"]
[Result "1-0"]
[WhiteElo "2427"]
[BlackElo "2203"]
[PlyCount "79"]
[EventDate "2012.01.29"]
[EventType "swiss"]
[EventRounds "9"]
[EventCountry "BUL"]

1. e4 c6 2. d4 d5 3. Nc3 dxe4 4. Nxe4 Nd7 5. Nf3 Ngf6 6. Nxf6+ Nxf6 7. Bc4 Bf5
8. c3 e6 9. O-O Bd6 10. Qe2 Qc7 11. Ne5 h5 12. Re1 O-O-O 13. b4 Ne4 14. Qe3 f6
15. f3 Ng5 16. f4 Ne4 17. Nf3 g5 18. fxg5 Nxg5 19. Nxg5 Bxh2+ 20. Kh1 fxg5 21.
Bxe6+ Bxe6 22. Qxe6+ Kb8 23. Bxg5 Rdf8 24. Bf6 Rhg8 25. Re3 a6 26. Rae1 Rg4 27.
Rh3 Bd6 28. Rxh5 Rg6 29. Qxd6 Rgxf6 30. Qxc7+ Kxc7 31. Re7+ Kd6 32. Rhh7 b5 33.
Rd7+ Ke6 34. d5+ cxd5 35. Rhe7+ Kf5 36. Rxd5+ Kf4 37. Rd3 Rh8+ 38. Kg1 Rg6 39.
Rf3+ Kg4 40. Re4+ 1-0

[Event "Plovdiv BUL, 34th Tringov Mem"]
[Site "Plovdiv BUL"]
[Date "2012.01.31"]
[Round "3.20"]
[White "Kafetzis, Georgios"]
[Black "Indjic, Aleksandar"]
[Result "0-1"]
[WhiteElo "1948"]
[BlackElo "2427"]
[PlyCount "76"]
[EventDate "2012.01.29"]
[EventType "swiss"]
[EventRounds "9"]
[EventCountry "BUL"]

1. e4 g6 2. d4 Bg7 3. Nc3 d6 4. Be3 c6 5. Qd2 Nd7 6. Nf3 b5 7. Bd3 a6 8. Ne2
Ngf6 9. h3 Bb7 10. c3 c5 11. Ng3 O-O 12. Bh6 e5 13. Bxg7 Kxg7 14. Qg5 exd4 15.
O-O-O c4 16. Nxd4 cxd3 17. Ndf5+ Kh8 18. Nxd6 Bc6 19. Rxd3 Ne8 20. Qd2 Qe7 21.
h4 Ne5 22. Rd4 Nxd6 23. Rxd6 Kg8 24. Qd4 Rad8 25. Rd1 Rxd6 26. Qxd6 Qxd6 27.
Rxd6 Rc8 28. f3 Kf8 29. Ne2 Ke7 30. Rd4 Bd7 31. b3 Be6 32. Kd2 h6 33. Ke3 g5
34. h5 a5 35. Kd2 Rc7 36. Ng3 Nc6 37. Rd3 a4 38. Kc2 Nb4+ 0-1

[Event "Plovdiv BUL, 34th Tringov Mem"]
[Site "Plovdiv BUL"]
[Date "2012.01.31"]
[Round "3.21"]
[White "Georgiev, Krum"]
[Black "Kesidis, Odyseas"]
[Result "1-0"]
[WhiteElo "2424"]
[BlackElo "2108"]
[PlyCount "81"]
[EventDate "2012.01.29"]
[EventType "swiss"]
[EventRounds "9"]
[EventCountry "BUL"]

1. e4 e5 2. Nf3 Nc6 3. Bb5 a6 4. Ba4 Nf6 5. O-O b5 6. Bb3 Bc5 7. a4 Rb8 8. axb5
axb5 9. c3 d6 10. d4 Bb6 11. dxe5 Nxe5 12. Nxe5 dxe5 13. Qxd8+ Kxd8 14. Be3
Bxe3 15. fxe3 Ke7 16. Nd2 Rd8 17. Nf3 Be6 18. Bxe6 Kxe6 19. Ng5+ Ke7 20. Rf5 h6
21. Nf3 Nd7 22. Nxe5 Nxe5 23. Rxe5+ Kf6 24. Rc5 Rb7 25. b4 Re8 26. Rf1+ Kg6 27.
e5 Re6 28. Rd1 c6 29. Rd6 Rc7 30. Kf2 Kf5 31. Kf3 g5 32. e4+ Kg6 33. Ke3 Kg7
34. Rxe6 fxe6 35. c4 bxc4 36. b5 Kf7 37. Rxc6 Rb7 38. b6 Ke7 39. Kd4 Kd7 40.
Kc5 Rb8 41. Kb5 1-0

[Event "Plovdiv BUL, 34th Tringov Mem"]
[Site "Plovdiv BUL"]
[Date "2012.01.31"]
[Round "3.22"]
[White "Arsovic, Goran"]
[Black "Okilj, Tigran"]
[Result "1-0"]
[WhiteElo "2422"]
[BlackElo "2078"]
[PlyCount "79"]
[EventDate "2012.01.29"]
[EventType "swiss"]
[EventRounds "9"]
[EventCountry "BUL"]

1. d4 Nf6 2. Nf3 g6 3. c4 Bg7 4. g3 O-O 5. Bg2 d6 6. O-O c6 7. Nc3 Qa5 8. e4 e5
9. h3 Nbd7 10. Qc2 b5 11. Rd1 bxc4 12. dxe5 Nxe5 13. Nxe5 dxe5 14. Bd2 Qc7 15.
Na4 Be6 16. Nc5 Qc8 17. Kh2 Rb8 18. Bf1 Re8 19. Be3 Qc7 20. Na6 Qb7 21. Nxb8
Rxb8 22. Bxc4 Bxc4 23. Qxc4 c5 24. Qxc5 Nxe4 25. Qxa7 Qxa7 26. Bxa7 Rxb2 27.
Rab1 Rc2 28. Rbc1 Rb2 29. Rc8+ Bf8 30. Kg2 Kg7 31. a4 Nd6 32. Rb8 Rc2 33. a5
Nf5 34. a6 Bd6 35. Rb3 e4 36. Bb6 e3 37. Bxe3 Nxe3+ 38. Rxe3 Bc5 39. Rf3 Ba7
40. Rb1 1-0

[Event "Plovdiv BUL, 34th Tringov Mem"]
[Site "Plovdiv BUL"]
[Date "2012.01.31"]
[Round "3.23"]
[White "Kukov, Velislav"]
[Black "Veselinov, Dimcho"]
[Result "1-0"]
[WhiteElo "2414"]
[BlackElo "2008"]
[PlyCount "77"]
[EventDate "2012.01.29"]
[EventType "swiss"]
[EventRounds "9"]
[EventCountry "BUL"]

1. Nf3 Nf6 2. d4 b6 3. g3 Bb7 4. Bg2 g6 5. O-O Bg7 6. c4 O-O 7. d5 Na6 8. Nc3
Nc5 9. Qc2 a5 10. Rb1 d6 11. e4 e5 12. b3 Bc8 13. Nd2 Nh5 14. a3 f5 15. b4 axb4
16. axb4 Nxe4 17. Ndxe4 fxe4 18. Nxe4 Bf5 19. Bd2 Nf6 20. f3 Qd7 21. Ra1 Rxa1
22. Rxa1 Nxe4 23. fxe4 Bh3 24. Be3 Bxg2 25. Qxg2 Qg4 26. h3 Qf3 27. Re1 Qxg2+
28. Kxg2 Ra8 29. c5 Ra2+ 30. Kf3 bxc5 31. bxc5 Ra3 32. Kf2 Bf8 33. c6 Be7 34.
Rb1 Ra8 35. Rb7 Rf8+ 36. Ke2 Bd8 37. h4 Rf7 38. Rb8 Rf8 39. Bh6 1-0

[Event "Plovdiv BUL, 34th Tringov Mem"]
[Site "Plovdiv BUL"]
[Date "2012.01.31"]
[Round "3.24"]
[White "Kitharidis, Argyrios"]
[Black "Lilov, Valeri"]
[Result "0-1"]
[WhiteElo "1924"]
[BlackElo "2411"]
[PlyCount "88"]
[EventDate "2012.01.29"]
[EventType "swiss"]
[EventRounds "9"]
[EventCountry "BUL"]

1. d4 Nf6 2. g3 e6 3. Bg2 c5 4. Nf3 cxd4 5. Nxd4 d5 6. O-O Bc5 7. Nb3 Be7 8. c4
O-O 9. cxd5 Nxd5 10. e4 Nb4 11. Qxd8 Rxd8 12. Nc3 N8c6 13. Be3 Nc2 14. Rad1
Nxe3 15. Rxd8+ Bxd8 16. fxe3 Ne5 17. Rc1 Bb6 18. Nd1 Bd7 19. h3 Ba4 20. Bf1 Rd8
21. Nd4 Bxd1 22. Rxd1 Bxd4 23. exd4 Rxd4 24. Rxd4 Nf3+ 25. Kf2 Nxd4 26. Ke3 Nc6
27. Kd3 Kf8 28. Kc4 Ke7 29. b4 Kd6 30. a4 Ke5 31. Bd3 Nd4 32. a5 Nf3 33. Kc5
Nd4 34. Bc4 f5 35. exf5 exf5 36. Bg8 h6 37. b5 Ne6+ 38. Kc4 b6 39. axb6 axb6
40. Bf7 Ng5 41. Bg6 Nxh3 42. Bxf5 Kxf5 43. Kd5 Nf2 44. Kc6 Ne4 0-1

[Event "Plovdiv BUL, 34th Tringov Mem"]
[Site "Plovdiv BUL"]
[Date "2012.01.31"]
[Round "4.1"]
[White "Indjic, Aleksandar"]
[Black "Cheparinov, Ivan"]
[Result "0-1"]
[WhiteElo "2427"]
[BlackElo "2659"]
[PlyCount "74"]
[EventDate "2012.01.29"]
[EventType "swiss"]
[EventRounds "9"]
[EventCountry "BUL"]

1. d4 Nf6 2. c4 e6 3. Nf3 Bb4+ 4. Bd2 a5 5. a3 Bxd2+ 6. Qxd2 d5 7. Nc3 O-O 8.
e3 b6 9. Bd3 Bb7 10. Qe2 c5 11. dxc5 bxc5 12. O-O Nbd7 13. Rfd1 Qe7 14. Rac1
Rfd8 15. cxd5 exd5 16. Bb1 Rab8 17. Ba2 Nb6 18. Rc2 Bc6 19. Rcd2 a4 20. h3 Re8
21. Nh2 h5 22. Nf3 g6 23. Ng5 Qe5 24. Nf3 Qc7 25. Qd3 Kg7 26. Qc2 Rbd8 27. e4
d4 28. Ng5 dxc3 29. Qxc3 Rxd2 30. Rxd2 Qe5 31. Qe3 c4 32. f4 Qc7 33. e5 Nfd5
34. Qd4 Nc8 35. Qxc4 Qb6+ 36. Kh2 Nce7 37. Ne4 Qe3 0-1

[Event "Plovdiv BUL, 34th Tringov Mem"]
[Site "Plovdiv BUL"]
[Date "2012.01.31"]
[Round "4.2"]
[White "Georgiev, Kiril"]
[Black "Georgiev, Krum"]
[Result "1/2-1/2"]
[WhiteElo "2658"]
[BlackElo "2424"]
[PlyCount "126"]
[EventDate "2012.01.29"]
[EventType "swiss"]
[EventRounds "9"]
[EventCountry "BUL"]

1. d4 Nf6 2. c4 g6 3. Nf3 Bg7 4. g3 O-O 5. Bg2 d6 6. Nc3 c6 7. O-O Qa5 8. e4 e5
9. h3 Re8 10. Be3 Nbd7 11. d5 Qb4 12. Qb3 a5 13. Nd2 Nc5 14. Qc2 a4 15. b3 axb3
16. axb3 Bd7 17. Na2 Qa3 18. b4 Nd3 19. Rfb1 cxd5 20. cxd5 Rec8 21. Qb3 Qxb3
22. Nxb3 Ra3 23. Nac1 Rxa1 24. Rxa1 Ne1 25. Ra7 Nxg2 26. Kxg2 Nxe4 27. Rxb7 Ba4
28. Ra7 Bb5 29. Ra5 Bc4 30. Nd2 Nxd2 31. Bxd2 Bf6 32. Kg1 Bd8 33. Ra3 Rb8 34.
h4 Bb6 35. Na2 Bxd5 36. Nc3 Bb7 37. Be3 Bd4 38. Bxd4 exd4 39. Ne2 Bd5 40. f3
Rxb4 41. Rd3 Rb3 42. Rxb3 Bxb3 43. Nxd4 Bc4 44. Kf2 Kg7 45. Ke3 Kf6 46. Kf4 h6
47. Ke4 Ke7 48. g4 Ba2 49. Ke3 Bd5 50. f4 Ba2 51. g5 hxg5 52. hxg5 Bb1 53. Nc6+
Kd7 54. Nd4 Kc7 55. Nb5+ Kc6 56. Nd4+ Kd5 57. Ne2 Bf5 58. Nd4 Kc4 59. Nc6 Kd5
60. Nd4 Kc5 61. Ne2 Kc4 62. Nd4 Bg4 63. Nc2 Kd5 1/2-1/2

[Event "Plovdiv BUL, 34th Tringov Mem"]
[Site "Plovdiv BUL"]
[Date "2012.01.31"]
[Round "4.4"]
[White "Kukov, Velislav"]
[Black "Nikolov, Momchil"]
[Result "0-1"]
[WhiteElo "2414"]
[BlackElo "2560"]
[PlyCount "82"]
[EventDate "2012.01.29"]
[EventType "swiss"]
[EventRounds "9"]
[EventCountry "BUL"]

1. c4 e5 2. Nc3 Nf6 3. g3 c6 4. Bg2 d5 5. cxd5 cxd5 6. d3 Nc6 7. Bg5 Be6 8. Nf3
Be7 9. d4 e4 10. Ne5 Rc8 11. O-O O-O 12. Nxc6 Rxc6 13. f3 exf3 14. Bxf3 h6 15.
Bxf6 Bxf6 16. e3 Re8 17. Re1 g6 18. Qd2 h5 19. Qg2 Rd6 20. h4 Bg7 21. Ne2 Bh6
22. Nf4 Bxf4 23. exf4 Bf5 24. Re5 Rxe5 25. fxe5 Rc6 26. Rd1 Qa5 27. Bxd5 Rc2
28. Qf3 Rxb2 29. Bb3 Rd2 30. Rxd2 Qxd2 31. Qf2 Qc3 32. Bd5 b5 33. Bg2 a5 34. d5
Qxe5 35. Kh2 Qd6 36. Qa7 a4 37. Qa8+ Kg7 38. Qa7 a3 39. Qa5 b4 40. Qa7 Qe5 41.
Qa6 Qb2 0-1

[Event "Plovdiv BUL, 34th Tringov Mem"]
[Site "Plovdiv BUL"]
[Date "2012.01.31"]
[Round "4.5"]
[White "Lilov, Valeri"]
[Black "Petkov, Vladimir"]
[Result "1-0"]
[WhiteElo "2411"]
[BlackElo "2519"]
[PlyCount "75"]
[EventDate "2012.01.29"]
[EventType "swiss"]
[EventRounds "9"]
[EventCountry "BUL"]

1. d4 Nf6 2. Nf3 c5 3. d5 e6 4. Nc3 exd5 5. Nxd5 Nxd5 6. Qxd5 Nc6 7. Bg5 Qa5+
8. Bd2 Qc7 9. Ng5 d6 10. Bf4 h6 11. Ne4 Be6 12. Qxc5 O-O-O 13. Qc3 Qb6 14. Be3
Qb5 15. a4 Qb4 16. Qxb4 Nxb4 17. O-O-O Bf5 18. Ng3 Bh7 19. Bxa7 d5 20. c3 Nc6
21. Bb6 Rd6 22. e3 Rf6 23. f4 g5 24. Rxd5 Bd6 25. Nh5 Re6 26. f5 Ne7 27. fxe6
Nxd5 28. Bd4 Rd8 29. exf7 Bg6 30. Ng7 Bxf7 31. Nf5 Bg6 32. Nxd6+ Rxd6 33. g3
Be4 34. Bh3+ Kd8 35. Rf1 Ra6 36. Rf8+ Ke7 37. Rc8 Kd6 38. Bc5+ 1-0

[Event "Plovdiv BUL, 34th Tringov Mem"]
[Site "Plovdiv BUL"]
[Date "2012.01.31"]
[Round "4.6"]
[White "Benidze, Davit"]
[Black "Nikolov, Sasho"]
[Result "1/2-1/2"]
[WhiteElo "2516"]
[BlackElo "2407"]
[PlyCount "78"]
[EventDate "2012.01.29"]
[EventType "swiss"]
[EventRounds "9"]
[EventCountry "BUL"]

1. d4 Nf6 2. c4 e6 3. Nf3 d5 4. g3 c5 5. Bg2 cxd4 6. O-O Be7 7. cxd5 Nxd5 8.
Nxd4 O-O 9. Nc3 Nxc3 10. bxc3 Nd7 11. Rb1 Nc5 12. Ba3 Qa5 13. Bxc5 Bxc5 14. Nb3
Qc7 15. Nxc5 Qxc5 16. Qd4 Qa5 17. a4 Rd8 18. Qb4 Qxb4 19. Rxb4 Rb8 20. Rfb1 Rd7
21. c4 Rc7 22. f4 Kf8 23. Kf2 a5 24. Rb5 Rxc4 25. Rxa5 Bd7 26. Ra7 Rxa4 27.
Raxb7 Rxb7 28. Rxb7 Be8 29. Rb8 Rc4 30. Bf3 Rc7 31. h4 Ke7 32. h5 h6 33. g4 e5
34. fxe5 Rc5 35. Ke3 Rxe5+ 36. Kf4 f6 37. Rb7+ Kf8 38. Rb8 Ke7 39. Be4 Bf7
1/2-1/2

[Event "Plovdiv BUL, 34th Tringov Mem"]
[Site "Plovdiv BUL"]
[Date "2012.01.31"]
[Round "4.7"]
[White "Todorovic, Goran N"]
[Black "Antic, Dejan"]
[Result "1/2-1/2"]
[WhiteElo "2397"]
[BlackElo "2504"]
[PlyCount "40"]
[EventDate "2012.01.29"]
[EventType "swiss"]
[EventRounds "9"]
[EventCountry "BUL"]

1. Nf3 Nf6 2. c4 e6 3. g3 d5 4. b3 d4 5. e3 c5 6. exd4 cxd4 7. Bg2 Nc6 8. O-O
Be7 9. Re1 Nd7 10. Ba3 O-O 11. Bxe7 Qxe7 12. d3 e5 13. a3 a5 14. Nbd2 Nc5 15.
Ne4 Ne6 16. Qc2 f5 17. Ned2 Qc5 18. Qb2 Qd6 19. b4 axb4 20. axb4 Rxa1 1/2-1/2

[Event "Plovdiv BUL, 34th Tringov Mem"]
[Site "Plovdiv BUL"]
[Date "2012.01.31"]
[Round "4.8"]
[White "Tadic, Branko"]
[Black "Lomsadze, David"]
[Result "1-0"]
[WhiteElo "2487"]
[BlackElo "2341"]
[PlyCount "75"]
[EventDate "2012.01.29"]
[EventType "swiss"]
[EventRounds "9"]
[EventCountry "BUL"]

1. Nf3 g6 2. c4 Bg7 3. Nc3 e5 4. d4 exd4 5. Bg5 f6 6. Qxd4 Nc6 7. Qe3+ Kf7 8.
Bf4 Nge7 9. c5 Re8 10. Qd3 d5 11. cxd6 cxd6 12. Nb5 Nf5 13. g4 a6 14. gxf5 axb5
15. Qd5+ Ke7 16. Rd1 Ne5 17. Nxe5 fxe5 18. fxg6 hxg6 19. Bg5+ Bf6 20. Rg1 Bxg5
21. Rxg5 Be6 22. Qxb5 Rxa2 23. Qxb7+ Kf6 24. Rg3 Qa5+ 25. b4 Qa4 26. Rgd3 d5
27. Qb6 d4 28. f4 Kg7 29. fxe5 Qc2 30. Qxd4 Rf8 31. R3d2 Qb3 32. Rxa2 Qxa2 33.
Bg2 Qb3 34. Bf3 g5 35. h4 g4 36. Bd5 Qg3+ 37. Kd2 Rd8 38. e4 {...} 1-0

[Event "Plovdiv BUL, 34th Tringov Mem"]
[Site "Plovdiv BUL"]
[Date "2012.01.31"]
[Round "4.9"]
[White "Bukal, Vladimir Jr"]
[Black "Valles, Manuel"]
[Result "1-0"]
[WhiteElo "2434"]
[BlackElo "2282"]
[PlyCount "51"]
[EventDate "2012.01.29"]
[EventType "swiss"]
[EventRounds "9"]
[EventCountry "BUL"]

1. d4 Nf6 2. Nc3 d5 3. Bg5 g6 4. e3 Bg7 5. Nf3 O-O 6. Bd3 c6 7. O-O Nbd7 8. Re1
h6 9. Bh4 g5 10. Bg3 Nh5 11. e4 Nxg3 12. hxg3 dxe4 13. Nxe4 Re8 14. c3 Qc7 15.
Bc4 Nf8 16. Nfxg5 hxg5 17. Bxf7+ Kxf7 18. Qh5+ Ng6 19. Nxg5+ Kf6 20. Re3 Bh6
21. Rf3+ Bf5 22. Ne6 Qa5 23. b4 Qd5 24. Nc7 Qd7 25. Nxe8+ Rxe8 26. g4 1-0

[Event "Plovdiv BUL, 34th Tringov Mem"]
[Site "Plovdiv BUL"]
[Date "2012.01.31"]
[Round "4.10"]
[White "Yordanov, Nikolay Plamenov"]
[Black "Milchev, Nikolay"]
[Result "1-0"]
[WhiteElo "2290"]
[BlackElo "2434"]
[PlyCount "97"]
[EventDate "2012.01.29"]
[EventType "swiss"]
[EventRounds "9"]
[EventCountry "BUL"]

1. e4 e5 2. Nf3 d6 3. d4 exd4 4. Nxd4 Nf6 5. Nc3 Be7 6. Be2 O-O 7. Be3 Re8 8.
g4 Bf8 9. f3 c5 10. Nf5 g6 11. Ng3 Be6 12. Qd2 Nc6 13. Bg5 Be7 14. O-O-O Nd4
15. h4 Rb8 16. Nb5 Bxa2 17. Nxd4 cxd4 18. Qxd4 Rc8 19. Bb5 Bb3 20. Rh2 Rf8 21.
Kb1 a6 22. Bd3 Be6 23. Nf5 gxf5 24. gxf5 Kh8 25. Rg1 Rg8 26. Rhg2 Rg7 27. Bh6
Rg6 28. fxg6 fxg6 29. h5 Bf7 30. hxg6 hxg6 31. Bg5 Kg7 32. Rh2 Qa5 33. f4 Rc5
34. f5 Re5 35. Bf4 Bd8 36. fxg6 Ba2+ 37. Kc1 Bb6 38. Rh7+ Nxh7 39. Bxe5+ dxe5
40. Qd7+ Kf6 41. Qd6+ Be6 42. Rf1+ Kg5 43. Qe7+ Kg4 44. Qxe6+ Kg3 45. Kb1 Ng5
46. Qf5 Be3 47. Be2 Qb4 48. Qxe5+ Kg2 49. g7 1-0

[Event "Plovdiv BUL, 34th Tringov Mem"]
[Site "Plovdiv BUL"]
[Date "2012.01.31"]
[Round "4.11"]
[White "Dobrev, Nayden"]
[Black "Ristic, Nenad"]
[Result "1/2-1/2"]
[WhiteElo "2256"]
[BlackElo "2427"]
[PlyCount "85"]
[EventDate "2012.01.29"]
[EventType "swiss"]
[EventRounds "9"]
[EventCountry "BUL"]

1. d4 c5 2. d5 Nf6 3. c4 b5 4. cxb5 a6 5. b6 e6 6. Nc3 Nxd5 7. Nxd5 exd5 8.
Qxd5 Nc6 9. Nf3 Rb8 10. Ne5 Qf6 11. Nxc6 dxc6 12. Qe4+ Be7 13. Qf4 Qxf4 14.
Bxf4 Rxb6 15. Be5 O-O 16. e3 Be6 17. b3 a5 18. Be2 a4 19. bxa4 Ra8 20. a5 Rxa5
21. Bc7 Rxa2 22. Rxa2 Rb1+ 23. Kd2 Bxa2 24. Rxb1 Bxb1 25. Bf3 f5 26. Bxc6 Ba2
27. Be5 Kf7 28. Kc3 Bf6 29. Bxf6 Kxf6 30. g3 g5 31. f4 gxf4 32. gxf4 Ke6 33.
Ba4 Kd6 34. Bc2 Be6 35. Bd3 h6 36. Bc2 Bd7 37. Bb3 Bc8 38. Ba2 Bd7 39. Bb3 Bc8
40. Bc4 Bd7 41. Bb3 Bc8 42. Bc4 Bd7 43. Bb3 1/2-1/2